Pays de la Grande Inde sur une carte - Statistiques

Statistiques générales
  • Ce quiz a été pris 109 fois
  • Le résultat moyen est 18 sur 19
Réponses sur la Carte
Les réponses sont colorées sur une échelle allant du rouge au vert en fonction du pourcentage des utilisateurs qui les ont devinées à leur premier essai. Vous pouvez retrouver ces pourcentages ci-dessous.
 
Statistiques - réponses
Pays % Correct
Népal
100%
Pakistan
100%
Sri Lanka
100%
Inde
99%
Thaïlande
99%
Afghanistan
98%
Bangladesh
98%
Indonésie
98%
Laos
98%
Philippines
98%
Bhoutan
97%
Malaisie
97%
Viêt Nam
97%
Birmanie
96%
Cambodge
96%
Maldives
94%
Timor oriental
93%
Brunei
90%
Singapour
89%
Aucun quiz correspondant
Distribution des résultats
% des personnes avec chaque résultat
Percentile par nombre de réponses
Votre historique - résultats
Vous n’avez pas pris ce quiz